000 01212nam a2200301Ia 4500
001 dia_5899
003 CHAP
005 20251023152859.0
008 220117s2012 xx 000 0 und d
010 _a177030
020 _a978-607-401-629-1
040 _cCHAP
082 _a338.1972 S57 2012
245 _aSistema agroalimentarios localizados en América Latina : alternativas para el desarrollo territorial /
_c coordinación François Boucher, Angélica Espinoza Ortega y Mario del Roble Pensado Leglise
260 _aMéxico :
_b Porrúa :,
_b Red Científica en Sistemas Agroalimentarios Localizados,
_c2012
300 _a291 p.
440 _aLas ciencias sociales. Segunda década (Miguel Ángel Porrúa)
_965003
504 _aIncluye bibliografías
590 _aHD1790.5 S57 2012
651 _aLatinoamérica - Agricultura \ 2. Latin America - Agriculture
_9159967
700 _aBoucher, François, coord.
_9158121
700 _aEspinoza Ortega, Angélica, coord.
_9159968
700 _aRoble Pensado Leglise, Mario del, coord.
_9159969
901 _a338.1972 S57 2012
902 _aM
905 _a5232272012 mx mn 8222123322spa16
942 _cLIBRO
_2ddc
999 _c177030
_d177030